Государственное регулирование национальной экономики: современные парадигмы и механизмы развития российских регионов Монография
В монографии рассмотрены методические методологические и практические аспекты государственного регулирования и укрепления позиций национальной экономики в мировом экономическом пространстве. Особое внимание в масштабах экономик российских регионов уделено современным парадигмам и механизмам регионал...
Na minha lista:
| Autor principal: | |
|---|---|
| Formato: | Монография |
| Edição: | 4 |
| Acesso em linha: | https://znanium.com/catalog/document?id=353537 https://znanium.com/cover/1081/1081673.jpg |
| Tags: |
Adicionar Tag
Sem tags, seja o primeiro a adicionar uma tag!
|
| LEADER | 02600nam0a2200325 i 4500 | ||
|---|---|---|---|
| 001 | RU\infra-m\znanium\bibl\1081673 | ||
| 003 | https://znanium.com/catalog/document?id=353537 | ||
| 005 | 20250805000000.0 | ||
| 010 | |a 978-5-394-03735-1 | ||
| 100 | |a 20250805d2019 m y0rusy0150 ca | ||
| 101 | 0 | |a rus | |
| 102 | |a RU | ||
| 200 | 1 | |a Государственное регулирование национальной экономики: современные парадигмы и механизмы развития российских регионов |e Монография |f Государственный университет по землеустройству | |
| 205 | |a 4 | ||
| 210 | 1 | |a Москва |c Издательско-торговая корпорация "Дашков и К" |d 2020 | |
| 215 | |a 343 с. | ||
| 330 | |a В монографии рассмотрены методические методологические и практические аспекты государственного регулирования и укрепления позиций национальной экономики в мировом экономическом пространстве. Особое внимание в масштабах экономик российских регионов уделено современным парадигмам и механизмам регионального развития а также повышению их экономической активности. Для научных и практических работников а также преподавателей и студентов высших учебных заведений. | ||
| 333 | |a ВО - Магистратура | ||
| 606 | |a Экономика. Бухгалтерский учет. Финансы |x Экономика России |2 local | ||
| 608 | |a Монография |2 local | ||
| 675 | |a 339 |z rus | ||
| 686 | |a 6592 |2 rubbk | ||
| 686 | |a 38.04.01 |2 okso | ||
| 686 | |a 38.04.02 |2 okso | ||
| 686 | |a 38.04.04 |2 okso | ||
| 686 | |a 38.04.08 |2 okso | ||
| 700 | 1 | |a Буров |b М.П. |g Михаил Петрович |p Государственный университет по землеустройству | |
| 801 | 0 | |a RU |b Общество с ограниченной ответственностью «ЗНАНИУМ» |c 20191225 |2 rusmarc | |
| 856 | 4 | |a znanium.com |m ebs_support@infra-m.ru |n НИЦ ИНФРА-М |u https://znanium.com/catalog/document?id=353537 | |
| 856 | 4 | 1 | |a znanium.com |d /cover/1081 |f 1081673.jpg |q image/jpeg |u https://znanium.com/cover/1081/1081673.jpg |